000 01253nam a2200241Ia 4500
999 _c36884
_d36884
001 2834
003 GE_BSU
005 20190611163411.0
008 181216s2010||||ge |||||||||||||| ||geo||
020 _a9789941170874
040 _cGE_BSU
041 _ageo
080 _a811.411.21(075.8) ა–65
100 _aანდრონიკაშვილი, მაია
_92407
245 _aთანამედროვე არაბული ენის სახელმძღვანელო /
_cმაია ანდრონიკაშვილი, ნინო ანთიძე-კახიანი, დარეჯან გარდავაძე ; აპოლონ სილაგაძის რედ. და წინასიტყვ. ; თსუ.
264 _aთბილისი :
_bუნივერსალი,
_c2010.
300 _a313 გვ. ;
_b27 სმ.
653 _a არაბული ენა
700 _aანთიძე-კახიანი, ნინო
_eავტორი
_92408
700 _aგარდავაძე, დარეჯან
_eავტორი
_92409
700 _aსილაგაძე, აპოლონ
_eრედაქტორი
_92412
942 _cBK
_2udc